000 00598nam a2200229Ia 4500
003 OSt
005 20220918200948.0
006 a|||||r|||| 00| 0
007 ta
008 220917b |||||||| |||| 00| 0 eng d
024 _a90,988
037 _cTextual
040 _aARTS
_cARTS
_beng
041 _2eng
_aeng
082 _aVv5.N5, M1
100 _aDawidowicz Lucy S
_915343
245 0 _aHolocaust and the historian
260 _aCambridge
_bHarvard Univ Press
_c1981
650 _aHISTORY
942 _hVv5.N5, M1
_cTEXL
_2CC
999 _c214648
_d214648